Score 0/16 Timer 03:00
0 Plays Today
Scrambled Word Unscrambled Word % Correct
KUCDDuck
99.4%
EPACSSpace
91.7%
LOTBBolt
91.4%
LACMCalm
91.4%
ATEMMeat
88.8%
LIVEEvil
88.6%
ORPDDrop
88%
NGVILILiving
76.5%
Scrambled Word Unscrambled Word % Correct
INBARBrain
72.4%
TELTRELetter
67.1%
THIGEWWeight
56.9%
Word in common to these words:Dead
35.8%
IRRNEGRinger
32.7%
KNIGCORENReckoning
14.9%
SRPTENSIDEPresidents
5.2%
FUARLEGTGrateful
4.7%
Remove Ads.
Support Sporcle.
Get the best of Sporcle when you Go Orange. This ad-free experience offers more features, more stats, and more fun while also helping to support Sporcle. Thank you for becoming a member.

You're not logged in!

Compare scores with friends on all Sporcle quizzes.
OR
Log In

Show Comments

Extras

Top Quizzes Today


Score Distribution

Your Account Isn't Verified!

In order to create a playlist on Sporcle, you need to verify the email address you used during registration. Go to your Sporcle Settings to finish the process.

Report this User

Report this user for behavior that violates our Community Guidelines.

Details: